| Registos Bibliográficos associados ao registo de autoridade |
|
Etiqueta de registo: 00000nam 2200025 450 001 2273860 003 http://id.bnportugal.gov.pt/bib/catbnp/2273860 100 ## $a20260302d2024 k y0pory01030103ba 101 0# $aeng$dpor 102 ## $aPT 105 ## $aa m 000yy 106 ## $ar 200 1# $aNatural deep eutectic solvents - NADES$egreen solvents for extraction and enzymatic polymerization processes$fDavid da Silva Freitas$gorient. Carla Manuela Pereira Marinho da Silva, Artur Manuel Cavaco Paulo 210 #9 $a[S.l.$cs.n.],$d2024 215 ## $aXXVI, 385 p.$d30 cm 328 #1 $aTese dout. Engenharia Química e Biológica, Escola de Engenharia, Universidade do Minho,
2024 675 ## $a66.09(043)$vBN$zpor$31234055 675 ## $a577.11/.12(043)$vBN$zpor$31504309 675 ## $a66.06(043)$vBN$zpor$31230443 700 #1 $aFreitas,$bDavid da Silva$31988102 702 #1 $aSilva,$bCarla Manuela Pereira Marinho da$4730$31641080 702 #1 $aPaulo,$bArtur Manuel Cavaco,$f1964-$4730$3209819 801 #0 $aPT$bBN$gRPC 966 ## $lBN$mFGMON$sS.A. 193628 V.$x1 971 ## $corlando$d20260302 972 ## $e0$z0$d20260422$vlrevez 973 ## $ctrodrigues$d20260417
|
|
|